[Event "Carnaval"]
[Site "Quebec CAN"]
[Date "2025.02.23"]
[Round "4"]
[White "Rainfray, Arnaud"]
[Black "Vallieres, David"]
[Result "1-0"]
[Annotator "John Upper"]
[WhiteElo "2484"]
[BlackElo "1865"]
[WhiteFideId "-1"]
[BlackFideId "-1"]
[PlyCount "45"]
[Beauty "8249293944876"]
[GameId "2151043325440960"]
[EventDate "2025.02.21"]
[EventType "swiss"]
[EventRounds "5"]
[EventCountry "CAN"]
[SourceTitle "Chess Canada 25"]
[Source "JohnUpper?CFC"]
[SourceDate "2025.06.29"]
[SourceVersion "1"]
[SourceVersionDate "2026.07.01"]
[SourceQuality "1"]

1. e4 c5 2. c3 Nf6 3. e5 Nd5 4. Nf3 e6 5. d4 cxd4 6. cxd4 {[#]} b6 (6... d6 {is 2x more common, but both moves score equally well.}) 7. Nc3 Nxc3 8. bxc3 Bb7 (8... Qc7 9. Bb5 Bb7 10. O-O Be7 11. Bf4 O-O 12. Rc1 d6 {Here and on the next move White can blast open the center before the black s are out, but Black can cope:} 13. Re1 (13. d5 dxe5 $1 14. Bxe5 Bd6 15. Bxd6 Qxd6 16. dxe6 Qxe6 $11) 13... Nd7 {Analysis Diagram [#] White can ignite some crazy complications here -- Black is OK, but it's tricky:} 14. d5 $5 (14. Qe2 $6 dxe5 15. Nxe5 Nxe5 16. Bxe5 Bd6 $11 {1/2 Van Foreest,J (2714)-Hansen,E (2606) Oslo Esports Cup rapid 2022 (2.4)}) 14... exd5 (14... Bxd5 $4 15. exd6 Bxd6 16. Bxd6 Qxd6 17. c4 $18) 15. c4 $1 d4 $1 16. c5 $5 (16. Qxd4 Nxe5 $8 17. Nxe5 Bf6 $1 $11) (16. Bxd7 Qxd7 17. exd6 Bf6 $1 $13) 16... bxc5 (16... Nxc5 $6 17. Nxd4 $36) (16... dxc5 $4 17. Nxd4 $18) 17. Qxd4 $13 (17. e6 $5)) 9. Bd3 Qc7 10. O-O $5 Qxc3 {[#]} 11. Bf4 (11. Rb1 Be7 12. Rb3 Qc7 13. Ng5 Bd5 $1 14. Rb2 $13 (14. Qh5 $5) 14... Bxg5 15. Bxg5 Nc6 16. Qg4 $14 {0-1 Huerga Leache,M (2450)-Granda Zuniga,J (2688) Atarrabia op 26th rapid 2016 (6)}) 11... Ba3 {Developing and stopping c1.} 12. Qe2 {[#]Critical Position What happens on ...xf3?} Qc6 (12... Bxf3 $2 {loses, but it's tricky:} 13. Qxf3 Nc6 (13... Qc6 14. Be4 $18) 14. Rac1 $3 Bxc1 15. Rxc1 Qxd4 16. Rxc6 {is trickier that it looks at first:} dxc6 17. Qxc6+ Ke7 {Analysis Diagram [#] White has more than one way to finish the job:} 18. Bg5+ (18. Qb7+ Qd7 19. Bg5+ $8 f6 20. exf6+ gxf6 21. Bxf6+ Kd6 22. Qe4 $1 $18 {if Black had a  developed (e8 or c8) he'd be fine; here the s slice him apart.}) 18... f6 19. exf6+ gxf6 {there's no escape on g6.} 20. Qc7+ $8 $18 {wins the  or mates, or both:} Qd7 21. Bxf6+ Ke8 22. Bb5 $18) 13. Rad1 O-O $2 {[#]Critical Position} (13... h6 $142 {avoids immediate anihilation, though White still has more than enough for the pawn.}) 14. d5 $1 $18 {Blocking the diagaonal kills Black's development, leaving a completely one-sided game where White owns the kingside.} ({While not as strong as the game move,} 14. Bb1 {threatening d3 (forking h7 and a3) is good too: Black will have to move some kingside pawns to avoid mate, and White can put his minor pieces in the resulting holes.}) 14... Qa4 (14... Qxd5 $2 15. Bxh7+ $18 {is one obvious point.}) (14... exd5 15. Nd4 $1 {all White's pieces (except the f1) have unrestricted access to Black's doomed , leaving White with a "build-your-own-adventure" choice of winning attacks. Essentially, White can now sac any minor piece for a kingside pawn and win.} (15. Bxh7+ $2 Kxh7 16. Qd3+ $14 {forks a3, but lets Black off too easy.}) (15. Ng5 g6 16. Qg4 h5 17. Qg3 {is also winning: White can aim to smash through with fe1, e5-e6, and xe6.}) 15... Qc5 16. Bxh7+ ({or} 16. Nf5 g6 17. Bg5 $18) 16... Kxh7 17. Qh5+ Kg8 18. Rd3 ({or} 18. Bg5 {and f6 may be simpler.}) 18... f6 19. Rg3 Qxd4 20. Rxg7+ $8 Kxg7 21. Bh6+ $18 {discovered check wins the , then White goes back to mating.}) 15. Bxh7+ Kxh7 {[#]} 16. Rd4 Bb4 (16... Ba6 17. Qe4+) 17. Ng5+ Kg8 18. Qd3 (18. Qh5 {allows Black to prolong the agony with} Qc2 19. Re4 $1 Qxe4 20. Nxe4 {and f6+.}) 18... f5 19. exf6 Rxf6 20. Qh7+ Kf8 21. Qh8+ Ke7 22. d6+ Bxd6 23. Bxd6# 1-0

[Event "Montcalm 4 2024-25"]
[Site "Quebec CAN"]
[Date "2025.01.09"]
[Round "1"]
[White "Huxley, Zachary"]
[Black "Auger, Bertrand"]
[Result "1-0"]
[Annotator "John Upper"]
[WhiteElo "1500"]
[BlackElo "1883"]
[WhiteFideId "-1"]
[BlackFideId "-1"]
[PlyCount "37"]
[Beauty "8247280676362"]
[GameId "2133003093792270"]
[EventDate "2025.01.09"]
[EventType "swiss"]
[EventRounds "5"]
[EventCountry "CAN"]
[SourceTitle "Chess Canada 25"]
[Source "JohnUpper?CFC"]
[SourceDate "2025.06.29"]
[SourceVersion "1"]
[SourceVersionDate "2026.07.01"]
[SourceQuality "1"]

1. e4 e6 2. Nf3 c5 3. c3 Nc6 4. d4 {[#]} cxd4 {This frees c3 for the . More commonly Black goes:} (4... d5 5. exd5 (5. e5 {transposes to a French Advance.}) 5... exd5 6. Bb5 Bd6 7. dxc5 Bxc5 {with a balanced IQP middlegame.}) 5. cxd4 Bb4+ 6. Nc3 Nf6 7. Bd3 d5 8. e5 Ne4 {[#]} 9. Bd2 (9. O-O $142 Nxc3 10. bxc3 Bxc3 11. Rb1 {Black has an extra pawn (on b7) but White is way up in development and threatens a3. And} Bxd4 $2 {only makes things worse:} 12. Nxd4 Nxd4 13. Qg4 $18 {White immediately recovers one pawn and Black's dark-square weaknesses are fatal.}) 9... Nxd2 10. Qxd2 Qa5 11. O-O Bd7 12. Qg5 $1 {Attacks g7 and stops Black from castling long... though that is something Black should avoid, since White would have a strong initiative on the c-file with queenside pawn pushes. [#] Critical Position What to do about g7?} O-O $2 (12... g6 $142 {creates ugly holes, but tenacious: planning to return the b4 to defend the kingside dark squares. If now} 13. Qf6 O-O $1 {and ...d8.}) (12... Kf8 $142 {shuts in the h8, but White has no quick breakthrough.}) (12... Bf8 $6 13. Nb5 $1 $16 {preparing ...d6+ in response to ...h6 keeps up the pressure on the dark squares.}) (12... Bxc3 $5 {hopes for counterplay.} 13. Qxg7 O-O-O 14. bxc3 Qxc3 15. Rfd1 {Material is equal, but Black's  is much worse and his  is less safe. SF18 says +1.6.}) 13. Bxh7+ $1 $18 Kxh7 14. Qh5+ Kg8 15. Ng5 {[#]} Rfd8 {blocks an escape route, allowing a forced mate.} (15... Rfc8 {still loses, but requires more accuracy from White:} 16. Qxf7+ Kh8 17. Qg6 Kg8 18. Rad1 $1 {preparing d3-f3. If ...e8, White mates the  on d8 with a series of checks ending xe6#.}) 16. Qxf7+ Kh8 17. Qh5+ Kg8 18. Qh7+ Kf8 19. Qh8+ {And xg7-f7#.} 1-0

[Event "Mercredi 2025.04 'C'"]
[Site "Montreal"]
[Date "2025.04.09"]
[Round "2"]
[White "Barko, Maxim"]
[Black "Ghnatios, Ralph"]
[Result "1-0"]
[Annotator "John Upper"]
[WhiteElo "1910"]
[BlackElo "1910"]
[WhiteFideId "-1"]
[BlackFideId "-1"]
[PlyCount "43"]
[GameId "2172756327918922"]
[EventDate "2025.04.02"]
[EventType "tourn"]
[EventRounds "5"]
[EventCountry "CAN"]
[SourceTitle "Chess Canada 25"]
[Source "JohnUpper?CFC"]
[SourceDate "2025.06.29"]
[SourceVersion "1"]
[SourceVersionDate "2026.07.01"]
[SourceQuality "1"]

1. e4 c5 2. Nc3 Nc6 3. Nge2 g6 4. g3 Bg7 5. Bg2 Nf6 6. O-O d6 7. d3 O-O 8. h3 Rb8 9. Be3 b5 10. Qd2 b4 11. Nd1 a5 {[#] A standard position in the Closed Sicilian. All 32 pieces remain on and none of the pawns are blocked, so there are options for both sides, and it's not the sort of position where you have to worry about deep computer prep.  Typically, White presses on the kingside -- often with g4 and f5 -- while Black plays on the queenside -- often with ...d4 & ...cxd4 with play against c2.  About half the games continue from here with h6 to remove the g7 which both defends the king and attacks the long diagonal; the other half continue as this game does...} 12. f4 {Threatening e4-e5, with a double attack on the s.} Qb6 $5 {It looks weird to line up the  with the e3, but it supports ...d4 and the computer rates it about the same as the more common ...d7.} (12... Nd7 13. g4 (13. h4 Ba6 14. h5 gxh5 $1 15. Rb1 Kh8 16. Nf2 Rg8 $15 {worth remembering: Black can use open files on the kingside too!} 17. Nh3 Nd4 18. Ng5 Qf8 19. e5 h6 20. Ne4 Nf5 $17 {0-1 Ghaem Maghami,E (2579)-Najer,E (2681) Bundesliga 0910 Germany 2009 (5.2)}) 13... a4 14. Rb1 Nd4 15. g5 Ba6 16. h4 Qc8 17. b3 f5 18. Bxd4 cxd4 19. Nf2 Nc5 20. exf5 Qxf5 21. Bh3 $11 {0-1 Bacrot,A (2387)-Wei,Y (2722) PRO League Prelim Chess.com INT rapid 2023 (2.1)}) 13. g4 {[#]} a4 (13... Ne8 14. f5 Nd4 15. Nf4 Nc7 16. Nd5 Nxd5 17. exd5 a4 (17... gxf5 $1 18. c3 Nb5 $13) 18. c3 bxc3 19. bxc3 Nb5 20. Rb1 Qa7 21. Bh6 $40 {1/2 Blatny,P (2415)-Buckmire,R (2280) Oakham YM 1986 (5)}) 14. a3 Qa6 15. Nf2 {[#] Critical Position What happens if ...xe4!?} (15. f5 $142 $1 $14) 15... Nxe4 $2 {Objectively bad, but interesting. Black's idea is to accelerate his queenside attack and turn his a- and b-pawns into passers. But doing so requires giving up his two best kingside defenders (f6 and g7). As always, the  is the biggest prize, but can White get to it in time?} ({BTW, the computer prefers Black after} 15... Nd7 {which is a slower but less expensive way to open the g7's diagonal.}) ({Another computer-approved counter-punch is the weird-looking} 15... h5 $5 {which breaks the general principles of not making pawn moves around your king and not on the side where your opponent is attacking.... but follows the dynamic style of using pawns to punch holes for your minor pieces. It also threatens to win the g-pawn, so White has to do something.} 16. f5 (16. g5 Nxe4 $1 $15 {compared to the lines below, the white g5 helps Black by blocking White's pieces!}) 16... hxg4 17. hxg4 Ne5 18. g5 (18. Bh6 $13) 18... Nfg4 $13) 16. Nxe4 $8 {Activating both the  and the f1 for a kingside attack is the only refutation.} (16. dxe4 $2 Bxb2 $13 17. axb4 {allows the a5 to support the passer, but stops Black from getting two passed a-pawns.} (17. Rab1 $6 bxa3 $17 {followed by ...a2 or ...a5 and ...a6.}) 17... cxb4 (17... a3 $13 18. bxc5) (17... Bxa1 18. b5 $5 $14) 18. Rab1 $13) 16... Bxb2 {[#]} 17. f5 $1 $18 {Not the only winning move (ab1 and then f5 wins) but the most direct.  The push to f5 opens the c1-h6 diagonal for White's  and  for a dark-square attack on the black , an attack which gets stronger if Black trades a dark-square bishop for a  which is many moves away from attacking those dark squares. Even if Black manages to block the dark squares with pawns -- f6 and g5 -- White can sac a minor piece to break through and still have enough to finish the attack.} bxa3 (17... f6 {tries to shore up the kingside while possibly keeping the DSB for defence. If Black had one more move here, then ...gxf5 or ...xa1 would be unclear, which shows how close-to-working ...xe4 was. But with White to move there is more than one way to win; the one that most closely overlaps with the variations below begins:} 18. fxg6 hxg6 19. Nf4 $18 {which is similar to the Analysis Diagram below.}) (17... Bxa1 18. Rxa1 f6 (18... gxf5 19. Bh6 {threats to the  and g5+ and mate. One end might be:} f6 20. Bxf8 Kxf8 21. Qh6+ Kg8 22. Nxf6+ exf6 23. Bd5+ {#2.}) 19. fxg6 hxg6 20. Nf4 {Analysis Diagram [#] Strong players or those with a lot of practice attacking will probably be able to "feel" that White has a winning attack. For everyone else, here are some illustrative lines showing how that attack works:} Ne5 {adds a defender} (20... g5 21. Nh5 $18 {and xg5 to break through the dark squares.}) (20... Kh7 21. Qf2 {threat: h5 then xg6 to make h5+ possible.} g5 22. Nh5 Be6 {and there are several piece sacs to break through the dark squares} 23. Bxg5 $18 ({or} 23. Nhxf6+ $18) 23... fxg5 24. Nxg5+ Kg6 25. Be4+ $1 {forces mate} (25. Qh4 $18 {wins too.}) 25... Kxg5 26. h4+ Kxg4 27. Qg3+ Kxh5 28. Qg5#) 21. axb4 {plays to remove the new defender} cxb4 22. d4 Nc4 23. Qf2 Nxe3 24. Qxe3 {Abstractly, it might seem like a good deal for Black to trade the e5 for the white DSB; in fact, it helps White in two ways: it increases White's ratio of attackers to defenders, and removing the  clears the path for the white .} Kg7 25. Nxf6 ({or} 25. Ng5) 25... exf6 (25... Kxf6 26. Qe4 $1 $18) 26. Qe4 $8 f5 27. Qe7+ $8 Rf7 28. Qg5 $8 Rf6 29. Nh5+ $18) 18. f6 $1 {[#]} Be6 (18... exf6 19. c3 $1 $18 {cuts off the  and leaves almost all the white pieces in the attack.}) (18... Bxf6 {gives White a choice of wins, including a different exchange sac:} 19. Rxf6 exf6 20. Nxf6+ Kh8 21. Bd4 $1 Kg7 22. Nh5+ {#3.}) 19. c3 $1 Bxa1 20. Bd4 $1 {[#] Line clearing for h6. White's , , , and  all fight for f6.} Kh8 (20... Nxd4 21. Qh6 (21. Nxd4 $2 Bxc3 22. Nxc3 $2 exf6 $8 $19) 21... Nxe2+ 22. Kh2 $18) 21. Qh6 Rg8 22. Ng5 1-0